Hull City Squad 2024-2025 - Statistics

General Stats
  • This quiz has been taken 31 times
  • The average score is 20 of 43
Answer Stats
# Position Nation Player % Correct
1 GK Croatia Ivor Pandur
92%
2 DF England Lewie Coyle
80%
5 DF England Alfie Jones
72%
4 DF England Charlie Hughes
68%
12 FW Italy João Pedro
68%
10 MF Turkey Abdülkadir Ömür
64%
7 FW Canada Liam Millar
64%
- Coach Germany Tim Walter
64%
15 DF Ireland John Egan
60%
45 MF Jamaica Kasey Palmer
60%
20 MF Colombia Gustavo Puerta
56%
33 FW Algeria Mohamed Belloumi
56%
- Coach Spain Rubén Sellés
56%
11 FW Turkey Doğukan Sinik
52%
28 FW Scotland Kyle Joseph
52%
8 MF Germany Marvin Mehlem
52%
37 FW Morocco Nordin Amrabat
52%
25 MF Ecuador Óscar Zambrano
52%
3 DF England Ryan Giles
52%
6 DF Ireland Sean McLoughlin
52%
19 MF Colombia Steven Alzate
52%
36 MF Belgium Eliot Matazo
48%
30 FW England Joe Gelhardt
48%
27 MF England Regan Slater
48%
- Coach England Andy Dawson
40%
23 DF England Cody Drameh
40%
17 DF England Finley Burns
40%
14 MF Ireland Harry Vaughan
40%
16 MF Brazil Lincoln
40%
24 MF England Matt Crooks
40%
32 GK France Thimothée Lo-Tutala
40%
9 FW Ivory Coast Chris Bedia
36%
29 DF England Matty Jacob
36%
26 DF England Andy Smith
32%
22 FW England Louie Barry
32%
48 FW England Mason Burstow
32%
44 FW England Abu Kamara
28%
34 GK England Harvey Cartwright
28%
31 GK Switzerland Anthony Racioppi
24%
16 FW England Ryan Longman
24%
22 GK England Carl Rushworth
20%
36 FW England Will Jarvis
20%
18 MF England Xavier Simons
16%
No matching quizzes found
Score Distribution
Percent of People with Each Score
Percentile by Number Answered
Your Score History
You have not taken this quiz